00970cam a2200241 a 450000100100000000500170001000800410002704000250006808200190009310000280011224500650014026000370020530000210024249000130026350400320027665000490030865100500035765000370040783000200044495201220046495201270058699900150071300000865220200929161359.0741203s1968 ve b 001 f spa  aDO-SdBNPbspacBNPHU aM863.44bM644r1 aMiliani, Domingo.9516913aLa realidad mexicana en su novela de hoy /cDomingo Miliani. aCaracas :bMonte Avila,c[1968]. a118 p. ;c19 cm.1 aEstudios aBibliografía: p. 107-112. 4aNovela mexicanaxHistoria y crítica923090 4aMéxicoxCondiciones SocialesxNovela923091 0aNovela mexicanaySIGLO XX923092 0aEstudios.93854 001052708MOaGRbGRcCTd2009-09-17iLF1l0oM863.44 M644rp8652-10r2020-06-25w2020-06-25y2ZPréstamo interno 001053728MOaGRbGRcCTd2009-09-17iLF1l0oM863.44 M644rp8652-20r2020-06-25te.2w2020-06-25y2ZPréstamo interno c8422d8422